[Event "Privolzhskogo FO-ch"]
[Site "Kazan"]
[Date "2012.03.02"]
[Round "5"]
[White "Faizrakhmanov, Ramil"]
[Black "Daminov, Oleg"]
[Result "1-0"]
[WhiteElo "2190"]
[BlackElo "2199"]
[PlyCount "103"]
[EventDate "2012.02.26"]
[EventType "swiss"]
[EventRounds "9"]
[EventCountry "RUS"]
[SourceTitle "CBM 147 Extra"]
[Source "ChessBase"]
[SourceDate "2012.04.24"]
[SourceVersion "1"]
[SourceVersionDate "2012.04.24"]
[SourceQuality "1"]

1. d4 Nf6 2. c4 c5 3. d5 Ne4 4. Nd2 Qa5 5. e3 Na6 6. Bd3 Nd6 7. Ngf3 Nb4 8. Be2 g6 9. 0-0 Bg7 10. a3 Na6 11. Rb1 0-0 12. e4 b5 13. cxb5 Nxb5 14. Nc4 Qc7 15. Be3 Rb8 16. Qd2 Nd6 17. Nxd6 exd6 18. Bh6 Qd8 19. Bxg7 Kxg7 20. Qc3+ Qf6 21. Nd2 Nc7 22. Qa5 Rb7 23. b4 Qd4 24. bxc5 Qxc5 25. Nc4 Rxb1 26. Rxb1 Ba6 27. Bf1 f5 28. Qxc5 dxc5 29. Ne5 Bxf1 30. Kxf1 fxe4 31. Nxd7 Rd8 32. Nxc5 Rxd5 33. Nxe4 a6 34. Rb7 Rd1+ 35. Ke2 Rc1 36. Kd2 Rc6 37. a4 h6 38. a5 Kf7 39. Rb6 Re6 40. Nc5 Re5 41. Rc6 Rd5+ 42. Ke3 Ne8 43. Nb7 Rb5 44. Rb6 Re5+ 45. Kd4 Rf5 46. f3 Rg5 47. g4 Nc7 48. Nc5 Nb5+ 49. Rxb5 axb5 50. a6 b4 51. a7 Rxc5 52. Kxc5 1-0

[Event "Privolzhskogo FO-ch"]
[Site "Kazan"]
[Date "2012.03.01"]
[Round "4"]
[White "Daminov, Oleg"]
[Black "Safiullin, Rafael"]
[Result "1-0"]
[WhiteElo "2199"]
[BlackElo "2264"]
[PlyCount "65"]
[EventDate "2012.02.26"]
[EventType "swiss"]
[EventRounds "9"]
[EventCountry "RUS"]
[SourceTitle "CBM 147 Extra"]
[Source "ChessBase"]
[SourceDate "2012.04.24"]
[SourceVersion "1"]
[SourceVersionDate "2012.04.24"]
[SourceQuality "1"]

1. e4 e5 2. Nf3 Nc6 3. Bb5 a6 4. Ba4 Nf6 5. 0-0 Nxe4 6. d4 b5 7. Bb3 d5 8. dxe5 Be6 9. c3 Bc5 10. Bc2 0-0 11. Qe2 Bf5 12. Be3 Bxe3 13. Qxe3 Bg6 14. Rd1 f5 15. Rxd5 Qe7 16. Nbd2 f4 17. Qe1 Nxd2 18. Qxd2 Bxc2 19. Qxc2 Rae8 20. Rad1 Qe6 21. h4 h6 22. Rc5 Ne7 23. Rxc7 Qg4 24. Rdd7 Nf5 25. Qb3+ Kh8 26. e6 Nxh4 27. Nxh4 Qxh4 28. Rxg7 Qf6 29. Rh7+ Kg8 30. Rcf7 Qg6 31. Rxf8+ Kxh7 32. Rxe8 Qxe8 33. Qd5 1-0

[Event "Meleuz op"]
[Site "Meleuz"]
[Date "2006.12.19"]
[Round "6"]
[White "Daminov, Oleg"]
[Black "Baemov, Ilnur"]
[Result "1-0"]
[WhiteElo "2201"]
[BlackElo "2227"]
[PlyCount "39"]
[EventDate "2006.12.16"]
[EventType "swiss"]
[EventRounds "9"]
[EventCountry "RUS"]
[SourceTitle "EXT 2008"]
[Source "ChessBase"]
[SourceDate "2007.11.25"]
[SourceVersion "1"]
[SourceVersionDate "2007.11.25"]
[SourceQuality "1"]

1. e4 e6 2. d4 d5 3. Nd2 Nc6 4. c3 Nf6 5. e5 Ng8 6. f4 Nge7 7. Ndf3 Qd7 8. g4 b6 9. b4 Bb7 10. a4 a5 11. b5 Nd8 12. Bd3 h5 13. Ng5 f6 14. Nh7 Nf7 15. exf6 Nc8 16. g5 Ncd6 17. g6 0-0-0 18. Nxf8 Rhxf8 19. fxg7 Rg8 20. Qxh5 1-0

[Event "Meleuz op"]
[Site "Meleuz"]
[Date "2006.12.19"]
[Round "5"]
[White "Yaksin, Oleg"]
[Black "Daminov, Oleg"]
[Result "1/2-1/2"]
[WhiteElo "2232"]
[BlackElo "2201"]
[PlyCount "124"]
[EventDate "2006.12.16"]
[EventType "swiss"]
[EventRounds "9"]
[EventCountry "RUS"]
[SourceTitle "EXT 2008"]
[Source "ChessBase"]
[SourceDate "2007.11.25"]
[SourceVersion "1"]
[SourceVersionDate "2007.11.25"]
[SourceQuality "1"]

1. e4 c5 2. Nf3 Nc6 3. d4 cxd4 4. Nxd4 Nf6 5. Nc3 Qa5 6. Nb3 Qc7 7. Be2 a6 8. Nd5 Nxd5 9. exd5 Ne5 10. 0-0 h5 11. h3 h4 12. f4 Nc4 13. Qd4 Nd6 14. Bd3 b5 15. Be3 f5 16. a4 Bb7 17. Nc5 Rh7 18. Nxb7 Qxb7 19. axb5 axb5 20. Qc5 Rc8 21. Qa7 Qxd5 22. Rfe1 g5 23. fxg5 e5 24. Rad1 Qe6 25. Kh1 e4 26. Bf4 Be7 27. c3 Nc4 28. Bxc4 bxc4 29. Qb7 Qc6 30. Qxc6 Rxc6 31. Rd5 Rc5 32. Red1 Rxd5 33. Rxd5 Rg7 34. Kg1 Bxg5 35. Rxf5 Bxf4 36. Rxf4 d5 37. Rxh4 Kd7 38. Rh6 Rg3 39. Rb6 Kc7 40. Rf6 Rd3 41. Rf2 Rd1+ 42. Kh2 Kd6 43. h4 Ke5 44. h5 d4 45. cxd4+ Rxd4 46. Kg3 Rd1 47. Rf8 Rh1 48. Re8+ Kd4 49. Kf4 Rf1+ 50. Kg5 e3 51. h6 Rh1 52. g4 Kd3 53. Kg6 e2 54. h7 Kd2 55. g5 e1Q 56. Rxe1 Kxe1 57. Kg7 Kd2 58. h8Q Rxh8 59. Kxh8 Kc2 60. g6 Kxb2 61. g7 c3 62. g8Q c2 1/2-1/2